MLB's worst hitters by OPS 2024 season - Statistics

General Stats
  • This quiz has been taken 32 times
  • The average score is 10 of 15
Answer Stats
Hint Answer % Correct
2 ATL (SS, 2B) Orlando Arcia
97%
12 NYY (SS) Anthony Volpe
93%
15 MIL (2B) Brice Turang
90%
5 CLE (2B) Andrés Giménez
87%
4 CHC & TBR (3B) Christopher Morel
80%
1 KCR (3B, 2B, SS) Maikel Garcia
77%
8 NYY (RF) Alex Verdugo
73%
7 HOU (CF) Jake Meyers
70%
3 OAK (2B) Zack Gelof
67%
10 MIA & PIT (OF) Bryan De La Cruz
63%
14 BOS (CF, SS) Ceddanne Rafaela
63%
13 CHW (RF, DH, 1B) Gavin Sheets
50%
11 MIL (LF) Sal Frelick
47%
6 TEX (CF) Leody Taveras
43%
9 WSN (CF) Jacob Young
37%
No matching quizzes found
Score Distribution
Percent of People with Each Score
Percentile by Number Answered
Your Score History
You have not taken this quiz